000 00451nam a2200181Ia 4500
003 LK-CoDNM
008 010623t1908 xxu||||| |||| 00| 1 eng d
040 _aLK-CoDNM
_dLK-CoDNM
_eLK-CoDNM
041 _aeng
080 _a942 HIS
245 _aHistory of English.Part I
260 _bMessenger press
_aColombo
_c1908
300 _b98p.,map, 18 cm
650 _a55 B.C to A.D 1485
650 _aRoman Period
650 _aSaxon Period
942 _cBK
999 _c86691
_d86691